000 00357nam a2200157Ia 4500
003 0STCL
008 150530s9999 xx 000 0 und d
040 _aSTCL
_cSTCL
100 _aShaw; Ward, A.C.; Ed
245 _aShaw saint joan
260 _bOrient Longman
_c1966
546 _aEnglish
942 _2ddc
_cBK
999 _c56457
_d56457
005 20220125171009.0